Welcome to CU Library Online Public Access Catalogue (OPAC)

A SYSTEMS APPROACH TO SMALL GROUP INTERACTION (Record no. 4763)

MARC details
000 -LEADER
fixed length control field 00457nam a22001697a 4500
005 - DATE AND TIME OF LATEST TRANSACTION
control field 20250313135356.0
008 - FIXED-LENGTH DATA ELEMENTS--GENERAL INFORMATION
fixed length control field 250313b |||||||| |||| 00| 0 eng d
020 ## - INTERNATIONAL STANDARD BOOK NUMBER
International Standard Book Number 9780072430561
050 ## - LIBRARY OF CONGRESS CALL NUMBER
Classification number HD 66
Item number TUB
082 ## - DEWEY DECIMAL CLASSIFICATION NUMBER
Edition information 7TH EDITION
100 ## - MAIN ENTRY--PERSONAL NAME
Personal name TUBBS, STEWART R.
245 ## - TITLE STATEMENT
Title A SYSTEMS APPROACH TO SMALL GROUP INTERACTION
Statement of responsibility, etc. STEWART L. TUBBS
250 ## - EDITION STATEMENT
Edition statement 7TH
260 ## - PUBLICATION, DISTRIBUTION, ETC.
Place of publication, distribution, etc. BOSTON
Name of publisher, distributor, etc. MCGRAW HILL
Date of publication, distribution, etc. c2001
300 ## - PHYSICAL DESCRIPTION
Extent xv, 432p.;
Other physical details ill
942 ## - ADDED ENTRY ELEMENTS (KOHA)
Source of classification or shelving scheme Library of Congress Classification
Koha item type Books
Suppress in OPAC No
999 ## -
-- 4763
-- 4763
Holdings
Withdrawn status Lost status Source of classification or shelving scheme Damaged status Not for loan Collection Home library Current library Shelving location Date acquired Total checkouts Full call number Barcode Date last seen Copy number Price effective from Koha item type
    Library of Congress Classification     Non-fiction Undergraduate Library (Christ Temple) Undergraduate Library (Christ Temple) General stacks 03/13/2025   HD 66 TUB ulct00001710 03/13/2025 1 03/13/2025 Books
    Library of Congress Classification     Non-fiction Undergraduate Library (Christ Temple) Undergraduate Library (Christ Temple) General stacks 03/13/2025   HD 66 TUB ulct00001711 03/13/2025 2 03/13/2025 Books
© 2023-2024 Copyright: Central University Libraries. All Rights Reserved | Created by: Mahone Tech Office